Shape Venn Diagram X Quiz Stats

 Plays Quiz Updated Mar 17, 2020

Support Sporcle.
Go Orange.
Score 0/28 Timer 05:00
3 Plays Today
% Correct
???
92.1%
???
91.9%
???
91.9%
???
91.9%
???
91.8%
???
91.4%
???
91.3%
???
91.1%
???
90.9%
???
90.9%
???
90.9%
???
90.5%
???
90.5%
???
90.4%
% Correct
???
90.3%
???
90%
???
89.7%
???
89.7%
???
89.5%
???
89.3%
???
89.3%
???
88.6%
???
88.2%
???
87.4%
???
86.7%
???
86.5%
???
86.4%
???
86.2%

From the Vault

'WATER' We Talking About?

by needapausebutton

We're going to have to leave the puns to the title on this one.
Remove Ads.
Support Sporcle.
Get the best of Sporcle when you Go Orange. This ad-free experience offers more features, more stats, and more fun while also helping to support Sporcle. Thank you for becoming a member.

Show Comments

Extras

Top Quizzes Today


Score Distribution

Your Account Isn't Verified!

In order to create a playlist on Sporcle, you need to verify the email address you used during registration. Go to your Sporcle Settings to finish the process.

Report this User

Report this user for behavior that violates our Community Guidelines.

Details: